00792nam a2200181 a 450000100080000000500110000800800410001910000240006024501190008426000330020330000090023652002710024565000110051665000230052765000170055065000220056765000210058911338922023-10-31 2021 bl uuuu t 00u1 u #d1 aGOULART J??NIOR, R. aRelat??rio An??lise de mercado e acompanhamento BANANA - mar??o/21 (Relat??rio de projeto).h[electronic resource] aFlorian??polis: Epagric2021 a8 p. aRelat??rio com an??lise da evolu????o do pre??o mensal ao produtor nas principais pra??as estaduais e nacionais e pre??o m??dio no atacado estadual; e an??lise da evolu????o das exporta????es nacionais e catarinenses de banana e comparativo das estimativas de safra. aBanana aEconomia agr??cola aFruticultura aMercado agr??cola aPre??o agr??cola